ბათუმის შოთა რუსთაველის სახელმწიფო უნივერსიტეტის ბიბლიოთეკა

Определитель растений Аджарии. т1. (ბიბ.ჩანაწერი № 35569)

000 -LEADER
fixed length control field 00591nam a2200217Ia 4500
001 - CONTROL NUMBER
control field 1430
003 - CONTROL NUMBER IDENTIFIER
control field GE_BSU
008 - FIXED-LENGTH DATA ELEMENTS--GENERAL INFORMATION
fixed length control field 181216s||||||||xx |||||||||||||| ||und||
040 ## - CATALOGING SOURCE
Transcribing agency GE_BSU
080 ## - UNIVERSAL DECIMAL CLASSIFICATION NUMBER
Universal Decimal Classification number 581(479.223)
100 ## - MAIN ENTRY--PERSONAL NAME
Personal name Дмитриева,А.А;
245 ## - TITLE STATEMENT
Title Определитель растений Аджарии. т1.
250 ## - EDITION STATEMENT
Edition statement 2-е. перер. и доп. изд.
260 ## - PUBLICATION, DISTRIBUTION, ETC.
Place of publication, distribution, etc. Тбилиси
260 ## - PUBLICATION, DISTRIBUTION, ETC.
Name of publisher, distributor, etc. Мецниереба
260 ## - PUBLICATION, DISTRIBUTION, ETC.
Date of publication, distribution, etc. 1990
300 ## - PHYSICAL DESCRIPTION
Extent 328 с. 2 см.
653 ## - INDEX TERM--UNCONTROLLED
Uncontrolled term Определитель растений
942 ## - ADDED ENTRY ELEMENTS (KOHA)
Koha item type წიგნი
ეგზემპლარები
Withdrawn status Lost status Damaged status Not for loan Date acquired Barcode Date last seen Price effective from Koha item type
        2018-12-17 2861 2018-12-17 2018-12-17 წიგნი